| 000 | 01142cam a2200229 4500 | ||
|---|---|---|---|
| 001 | L136461 | ||
| 008 | 070201n2007 000 0 eng u | ||
| 035 | _a(Sirsi) u136461 | ||
| 041 | 0 | _aeng | |
| 050 | 0 | 4 | _a711.1 |
| 110 | 2 |
_aTown and Country Planning Association _93022 |
|
| 245 | 0 | 0 |
_aUnlocking public land for housing supply _h[electronic resource] |
| 260 |
_aLondon _bTCPA _c2007 |
||
| 505 | 2 | _aBackground: meeting housing need with housing supply -- Key elements in the supply of land for housing: existing initiatives -- Bringing sites forward for development -- Outline of study methodology -- Sourcing information on public land opportunities -- Findings from the case studies -- Conclusions and recommendations. | |
| 520 | _aInvestigates how to provide - in an environmentally sustainable way - an increased number of homes to meet growing social and economic needs. | ||
| 590 | _aKA NTK | ||
| 651 | 4 |
_aEngland _y886- |
|
| 690 | _aPROPERTY-RESIDENTIAL PROPERTY-RESIDENTIAL PROPERTY DEVELOPMENT | ||
| 710 | 2 | _aEntec | |
| 856 | 4 | 0 |
_uhttps://www.tcpa.org.uk/ _zView the report free of charge at www.tcpa.org.uk... |
| 942 | _n0 | ||
| 999 |
_c106397 _d106397 |
||